000 00302nam a22001457a 4500
008 210309b ||||| |||| 00| 0 eng d
020 _a0879011238
041 _aeng
080 _a541
082 _a541
100 _a12
101 _aKIM
245 _aOrganic Chemistry
_cKemp,S.D
942 _2udc
_cBK
999 _c56060
_d56060